[Event "94th Tradewise Hastings Congress"]
[Site "Hastings"]
[Date "2018.12.30"]
[Round "3"]
[White "Kjartansson, Gudmundur"]
[Black "Lyell, Mark"]
[Result "0-1"]
[WhiteElo "2415"]
[BlackElo "2317"]
[Annotator "TA"]
[PlyCount "74"]
[EventDate "2018.12.28"]
[EventType "swiss"]
[EventCountry "ENG"]
[SourceTitle "playchess.com"]
[Source "ChessBase"]
[SourceQuality "1"]

{[%evp 21,74,29,68,25,8,-2,-8,-10,0,-151,-106,-129,-105,-295,-330,-285,-322,-309,-255,-225,-143,-259,-262,-278,-266,-241,-249,-232,-225,-229,-236,-465,-461,-446,-446,-408,-318,-414,-412,-407,-344,-443,-449,-486,-519,-668,-664,-822,-818,-933,-921,-922,-894,-971,-960]} 1. d4 f5 2. g3 Nf6 3. Bg2 g6 4. Nf3 Bg7 5. O-O O-O 6. c4 d6 7. Nc3 Qe8 8. b3 Na6 9. Bb2 e5 {A87: Dutch Defence: Leningrad System: 5 Nf3} 10. dxe5 dxe5 11. e4 f4 {LiveBook: 7 Games. White has an edge.} 12. gxf4 (12. h3 c6 13. Qe2 h6 14. Rad1 g5 15. gxf4 g4 16. hxg4 Bxg4 17. f5 {1-0 (42) Batchuluun,T (2555)-Fier,A (2579) Abu Dhabi 2017}) 12... Nh5 {[%cal Bf6h5,Bh5f4,Bf4g2][%mdl 32]} 13. fxe5 Bg4 14. Nd5 {Black must now prevent h3.} Rd8 {...Nf4 is the strong threat.} 15. Re1 $146 ({Better is} 15. Ba3 $11 Bxe5 16. Bxf8 Qxf8 17. h3 (17. Nxe5 Bxd1 18. Rfxd1 c6 $17) 17... Bxf3 18. Qxf3 Bxa1 19. Rxa1) ({Predecessor:} 15. h3 Bxf3 16. Bxf3 c6 17. Bxh5 gxh5 {1-0 (27) Fodor,T (2252)-Wiwe,A (2210) Budapest 2005}) 15... c6 16. Re3 Nf4 {[%mdl 64] Pin} 17. Qd4 $2 (17. Qf1 $17 {might work better.} cxd5 18. exd5) 17... Nxg2 $19 ({Weaker is} 17... cxd5 18. exd5 Nb4 19. Ne1 $17) 18. Kxg2 {[#]} Qf7 $1 {[%mdl 64] Pin} ({Not} 18... cxd5 19. exd5 Bxf3+ 20. Rxf3 $17) 19. Qc3 {aiming for Nf6+.} cxd5 20. exd5 Rde8 {Threatens to win with ...Qf4.} 21. Rae1 (21. e6 $17 {was called for.} Bxf3+ 22. Rxf3 Qxf3+ 23. Qxf3 Rxf3 24. Bxg7) 21... Nc5 22. e6 Qxf3+ 23. Rxf3 Bxf3+ 24. Qxf3 Rxf3 25. Bxg7 Nd3 26. Rd1 $2 (26. Rf1 Rxf2+ 27. Rxf2 Nxf2 28. Be5) 26... Rxf2+ {[%mdl 64] [#] Double Attack} 27. Kg3 Kxg7 28. Rxd3 Rff8 29. c5 Kf6 30. Re3 g5 31. b4 h5 {Black is clearly winning.} 32. a4 Rg8 33. b5 b6 {[%cal Bb7b6,Bb6c5][%mdl 32]} 34. a5 bxc5 35. b6 axb6 36. axb6 Ke7 37. b7 Kd6 {Accuracy: White = 21%, Black = 76%.} 0-1

[Event "94th Tradewise Hastings Congress"]
[Site "Hastings"]
[Date "2018.12.30"]
[Round "3"]
[White "Bates, Richard A"]
[Black "Sumit, Kumar"]
[Result "1/2-1/2"]
[WhiteElo "2372"]
[BlackElo "2179"]
[Annotator "TA"]
[PlyCount "142"]
[EventDate "2018.12.28"]
[EventType "swiss"]
[EventCountry "ENG"]
[SourceTitle "playchess.com"]
[Source "ChessBase"]
[SourceQuality "1"]

{[%evp 17,142,-9,39,-50,4,-12,-6,-52,0,-10,13,13,14,22,27,13,11,22,16,10,16,-6,0,-27,9,4,14,0,2,5,14,23,18,5,47,47,47,46,47,47,49,49,47,27,83,63,115,95,122,124,121,102,107,105,129,100,128,123,122,56,46,0,0,0,0,0,49,45,51,44,38,17,17,17,21,12,91,80,104,104,112,110,107,107,106,111,97,80,80,80,80,80,80,80,80,80,80,80,80,80,80,80,80,80,80,80,80,80,80,72,72,72,72,72,72,72,72,72,72,72,72,72,72,72,72,72,72]} 1. d4 Nf6 2. Nf3 e6 3. c4 b6 4. g3 Ba6 5. Qc2 Bb7 6. Bg2 c5 7. d5 {E15: Queen's Indian: 4 g3 sidelines, 4 g3 Ba6 and 4 g3 Bb7 early deviations} exd5 8. cxd5 Nxd5 9. O-O Be7 {LiveBook: 368 Games} 10. Qb3 $146 (10. Ne5 $14 Qc7 11. Qe4) ({Predecessor:} 10. Qe4 Bc6 11. Ne5 Nf6 12. Nxc6 Nxc6 13. Qa4 O-O 14. Rd1 Qc8 {½-½ (31) Pelletier,Y (2544)-Banikas,H (2601) Batumi 2018}) 10... Nf6 ({Black should play} 10... Nc7 $1 $15) 11. Ne5 $11 {[%csl Ge5][%cal Rb3f7] [#]} d5 12. Qa4+ Nbd7 13. Nc3 O-O (13... a6 {seems wilder.} 14. Nxd7 Qxd7 15. Qxd7+ Kxd7 16. Rd1 Bc6) 14. Nxd7 Qxd7 15. Qxd7 Nxd7 16. Nxd5 Bxd5 17. Bxd5 Rad8 18. a4 Ne5 19. Be4 Bf6 20. Ra2 Rfe8 21. b3 Rd4 22. f3 Red8 23. a5 g6 24. axb6 axb6 25. h4 Bg7 26. Bg5 f6 27. Be3 R4d7 28. Ra6 f5 29. Bc2 Rb7 30. Bg5 Rdd7 (30... Rf8 $11) 31. h5 Nc6 (31... Kf7 $14) 32. Bd3 $16 {Bb5 is the strong threat.} h6 33. Ra8+ Kh7 34. hxg6+ Kxg6 35. Bf4 Nb4 36. Bb5 Re7 37. Rd1 {Strongly threatening Rd6+.} Bd4+ {[#]} 38. Kh2 (38. Rxd4 $1 $16 {Intending Rd6+ and mate.} cxd4 39. Bd6) 38... Nd5 $14 {White must now prevent ...Nc3.} 39. Bd3 Nxf4 40. gxf4 Be3 41. Kh3 Kf6 42. Bc4 Rbd7 43. Rf8+ Kg6 44. Bd3 Rf7 45. Rb8 Rb7 46. Rd8 Kg7 (46... Rbe7 $11 {keeps the balance.}) 47. Bc4 $16 {White is better.} Rf8 48. Rxf8 Kxf8 {[%mdl 4096] Endgame KRB-KRB} 49. Rd5 Kg7 50. Rxf5 b5 51. Bd3 Rf7 52. Rxf7+ Kxf7 53. Bxb5 {KB-KB} Kf6 54. Kg3 h5 55. Bc6 h4+ 56. Kg4 h3 57. f5 Bf4 58. Kxh3 {And now Kg4 would win.} ({But not} 58. Kxf4 $2 h2 $19) 58... Kxf5 59. Bd5 Ke5 60. Bc4 Be3 61. Kg3 Bf4+ 62. Kf2 {Threatens to win with e3.} Kd4 63. e4 Ke5 64. Ke2 Kd4 65. Bf7 Bg5 66. Kf2 Ke5 67. Kg3 Bf4+ 68. Kg4 Be3 69. Bc4 Bf4 70. Kh5 Kf6 71. Bd5 Be3 {Precision: White = 63%, Black = 59%.} 1/2-1/2

[Event "94th Tradewise Hastings Congress"]
[Site "Hastings"]
[Date "2018.12.30"]
[Round "3"]
[White "Petrov, Vladimir Sergeev"]
[Black "Eames, Robert S"]
[Result "1-0"]
[WhiteElo "2365"]
[BlackElo "2167"]
[Annotator "NA"]
[PlyCount "55"]
[EventDate "2018.12.28"]
[EventType "swiss"]
[EventCountry "ENG"]
[SourceTitle "playchess.com"]
[Source "ChessBase"]
[SourceQuality "1"]
[TimeControl "40/6000+30:3000+30"]

1. e4 {[%emt 0:00:00]} c5 {[%emt 0:00:27]} 2. Nf3 {[%emt 0:00:31]} e6 {[%emt 0:03:25]} 3. d4 {[%emt 0:00:08]} cxd4 {[%emt 0:00:06]} 4. Nxd4 {[%emt 0:00:06]} Nc6 {[%emt 0:00:20]} 5. Nc3 {[%emt 0:00:11]} Qc7 {[%emt 0:00:13]} 6. Be2 {[%emt 0:00:12]} Nf6 {[%emt 0:01:36]} 7. O-O {[%emt 0:00:44]} Be7 {[%emt 0:01:23]} 8. Be3 {[%emt 0:01:25]} O-O {[%emt 0:00:20]} 9. f4 {[%emt 0:00:28]} d6 {[%emt 0:00:31]} 10. Kh1 {[%emt 0:00:14]} Bd7 {[%emt 0:04:00]} 11. Qe1 {[%emt 0:00:09]} Nxd4 {[%emt 0:03:25]} 12. Bxd4 {[%emt 0:00:07]} Bc6 {[%emt 0:02:08]} 13. Qg3 {[%emt 0:00:44]} Kh8 {[%emt 0:02:41]} 14. Rae1 {[%emt 0:01:21]} Rg8 {[%emt 0:01:19]} 15. Bd3 {[%emt 0:00:53]} e5 {[%emt 0:20:02]} 16. fxe5 {[%emt 0:02:24]} Nh5 {[%emt 0:00:49]} 17. Qh3 {[%emt 0:03:49]} dxe5 {[%emt 0:00:12]} 18. Nd5 {[%emt 0:14:34]} Bxd5 {[%emt 0:04:01]} 19. exd5 {[%emt 0:00:10]} exd4 {[%emt 0:00:31]} 20. Qxh5 {[%emt 0:01:16]} g6 {[%emt 0:00:36]} 21. Rxf7 {[%emt 0:03:49]} Rg7 {[%emt 0:00:11]} 22. Bxg6 {[%emt 0:01:59]} Rxf7 {[%emt 0:01:13]} 23. Bxf7 {[%emt 0:00:39]} Bf6 {[%emt 0:00:31]} 24. Bg6 {[%emt 0:08:23]} Rg8 {[%emt 0:01:44]} 25. Be4 {[%emt 0:03:23]} Qg7 {[%emt 0:04:05]} 26. Rf1 {[%emt 0:03:30]} h6 {[%emt 0:02:11]} 27. d6 {[%emt 0:01:17]} Rf8 {[%emt 0:01:36]} 28. d7 {[%emt 0:01:08]} 1-0

[Event "94th Tradewise Hastings Congress"]
[Site "Hastings"]
[Date "2018.12.30"]
[Round "3"]
[White "Taylor, Adam C"]
[Black "Snape, Ian L"]
[Result "1-0"]
[WhiteElo "2331"]
[BlackElo "2112"]
[Annotator "NA"]
[PlyCount "70"]
[EventDate "2018.12.28"]
[EventType "swiss"]
[EventCountry "ENG"]
[SourceTitle "playchess.com"]
[Source "ChessBase"]
[SourceQuality "1"]
[TimeControl "40/6000+30:3000+30"]

1. c4 {[%emt 0:00:00]} e5 {[%emt 0:00:00]} 2. Nc3 {[%emt 0:00:00]} Bb4 {[%emt 0:00:00]} 3. g3 {[%emt 0:00:52]} Bxc3 {[%emt 0:00:00]} 4. bxc3 {[%emt 0:00:37]} d6 {[%emt 0:00:14]} 5. Bg2 {[%emt 0:01:05]} Ne7 {[%emt 0:00:06]} 6. Nf3 {[%emt 0:12:13]} Nbc6 {[%emt 0:01:31]} 7. O-O {[%emt 0:01:34]} O-O {[%emt 0:00:09]} 8. Ne1 {[%emt 0:00:09]} Be6 {[%emt 0:01:58]} 9. d3 {[%emt 0:00:10]} Qd7 {[%emt 0:00:58]} 10. Rb1 {[%emt 0:00:15]} Rab8 {[%emt 0:01:16]} 11. Qa4 {[%emt 0:07:31]} Bh3 {[%emt 0:01:59]} 12. f4 {[%emt 0:05:02]} Bxg2 {[%emt 0:00:59]} 13. Nxg2 {[%emt 0:00:18]} Qh3 {[%emt 0:13:53]} 14. fxe5 {[%emt 0:09:15]} dxe5 {[%emt 0:03:37]} 15. Ba3 {[%emt 0:06:47]} a6 {[%emt 0:07:54]} 16. Bxe7 {[%emt 0:06:00]} Nxe7 {[%emt 0:00:10]} 17. Qa5 {[%emt 0:00:04]} Qe6 {[%emt 0:10:49]} 18. Qxc7 {[%emt 0:01:17]} Rfc8 {[%emt 0:00:35]} 19. Qb6 {[%emt 0:00:44]} Rc6 {[%emt 0:03:07]} 20. Qa7 {[%emt 0:01:06]} Qc8 {[%emt 0:03:40]} 21. Qf2 {[%emt 0:01:32]} Rf6 {[%emt 0:01:01]} 22. Qe3 {[%emt 0:00:05]} Rxf1+ {[%emt 0:03:39]} 23. Rxf1 {[%emt 0:00:36]} Qe6 {[%emt 0:01:34]} 24. Rb1 {[%emt 0:02:52]} Nc6 {[%emt 0:00:50]} 25. Qe4 {[%emt 0:02:11]} g6 {[%emt 0:02:12]} 26. Ne3 {[%emt 0:01:28]} h5 {[%emt 0:01:25]} 27. Rb6 {[%emt 0:08:51]} Kg7 {[%emt 0:01:35]} 28. Nd5 {[%emt 0:04:55]} h4 {[%emt 0:06:42]} 29. Nb4 {[%emt 0:04:35]} Re8 {[%emt 0:10:24]} 30. Nxc6 {[%emt 0:00:37]} hxg3 {[%emt 0:02:46]} 31. hxg3 {[%emt 0:02:51]} bxc6 32. Qxc6 {[%emt 0:04:57]} Qh3 {[%emt 0:02:00]} 33. Qf6+ {[%emt 0:02:16]} Kg8 {[%emt 0:00:16]} 34. Qf2 {[%emt 0:04:39]} Qh6 {[%emt 0:02:55]} 35. Kg2 {[%emt 0:03:35]} e4 {[%emt 0:06:39]} 1-0

[Event "94th Tradewise Hastings Congress"]
[Site "Hastings"]
[Date "2018.12.30"]
[Round "3"]
[White "Kalavannan, Koby"]
[Black "Petrov, Martin"]
[Result "0-1"]
[WhiteElo "2328"]
[BlackElo "2472"]
[Annotator "ChessBase"]
[PlyCount "176"]
[EventDate "2018.12.28"]
[EventType "swiss"]
[EventCountry "ENG"]
[SourceTitle "playchess.com"]
[Source "ChessBase"]
[SourceQuality "1"]
[TimeControl "40/6000+30:3000+30"]

1. Nf3 {[%emt 0:00:00]} Nf6 {[%emt 0:00:49]} 2. g3 {[%emt 0:00:00]} c5 {[%emt 0:02:33]} 3. c4 {[%emt 0:01:46]} Nc6 {[%emt 0:00:46]} 4. Bg2 {[%emt 0:00:38]} d5 {[%emt 0:00:15]} 5. cxd5 {[%emt 0:00:50]} Nxd5 {[%emt 0:00:05]} 6. O-O {[%emt 0:02:15]} e5 {[%emt 0:00:08]} 7. Nc3 {[%emt 0:00:20]} Nc7 {[%emt 0:00:13]} 8. d3 {[%emt 0:01:08]} Be7 {[%emt 0:00:08]} 9. Be3 {[%emt 0:12:28]} O-O {[%emt 0:07:35]} 10. Nd2 {[%emt 0:16:06]} Bd7 {[%emt 0:03:52]} 11. Nc4 {[%emt 0:06:48]} f6 {[%emt 0:01:06]} 12. a4 {[%emt 0:00:57]} Kh8 {[%emt 0:12:10]} 13. Qb3 {[%emt 0:08:29]} Rb8 {[%emt 0:10:36]} 14. Rfc1 {[%emt 0:01:51]} Ne6 {[%emt 0:02:05]} 15. Qd1 {[%emt 0:07:53]} Ned4 {[%emt 0:04:56]} 16. Nb5 {[%emt 0:08:29]} Bg4 {[%emt 0:17:05]} 17. f3 {[%emt 0:02:01]} Be6 {[%emt 0:01:50]} 18. Bf2 {[%emt 0:03:58]} Re8 {[%emt 0:11:52]} 19. Rc3 {[%emt 0:09:31]} a6 {[%emt 0:01:11]} 20. Nxd4 {[%emt 0:00:04]} exd4 {[%emt 0:00:11]} 21. Rcc1 {[%emt 0:00:49]} Bf8 {[%emt 0:02:45]} 22. Qd2 Bd5 {[%emt 0:04:05]} 23. a5 {[%emt 0:02:34]} Qe7 {[%emt 0:03:01]} 24. Nb6 {[%emt 0:01:23]} Bf7 {[%emt 0:00:51]} 25. Kf1 {[%emt 0:02:55]} Rbd8 {[%emt 0:04:14]} 26. Na4 {[%emt 0:01:58]} c4 {[%emt 0:01:39]} 27. dxc4 {[%emt 0:00:15]} Qb4 {[%emt 0:00:05]} 28. Qxb4 {[%emt 0:05:31]} Bxb4 {[%emt 0:00:05]} 29. b3 {[%emt 0:00:56]} Nxa5 {[%emt 0:00:20]} 30. Nc5 {[%emt 0:00:38]} Nxc4 {[%emt 0:08:05]} 31. bxc4 {[%emt 0:01:57]} Bxc5 {[%emt 0:00:04]} 32. f4 {[%emt 0:00:12]} Re7 {[%emt 0:01:06]} 33. Bd5 {[%emt 0:06:43]} Bxd5 {[%emt 0:03:00]} 34. cxd5 {[%emt 0:00:01]} Rxd5 {[%emt 0:00:07]} 35. Ra5 {[%emt 0:00:30]} b6 {[%emt 0:00:53]} 36. Rxa6 h6 {[%emt 0:01:07]} 37. Ra2 {[%emt 0:03:02]} Kh7 {[%emt 0:01:20]} 38. Rd1 {[%emt 0:00:18]} f5 {[%emt 0:02:28]} 39. Rad2 {[%emt 0:01:11]} Re4 {[%emt 0:00:32]} 40. Kg2 {[%emt 0:01:41]} Rd6 {[%emt 0:02:54]} 41. h4 {[%emt 0:08:27]} h5 {[%emt 0:04:48]} 42. Kf3 {[%emt 0:05:02]} Rde6 {[%emt 0:00:43]} 43. Rb1 {[%emt 0:01:22]} Kg6 {[%emt 0:01:27]} 44. Rb3 {[%emt 0:01:13]} Kf7 {[%emt 0:02:22]} 45. Rbb2 {[%emt 0:16:06]} Re7 {[%emt 0:02:48]} 46. Ra2 {[%emt 0:03:02]} Ke6 {[%emt 0:02:44]} 47. Rd3 {[%emt 0:02:13]} Kf7 {[%emt 0:03:07]} 48. Rb3 {[%emt 0:01:28]} g6 {[%emt 0:01:53]} 49. Rd3 {[%emt 0:00:41]} Ke6 {[%emt 0:03:05]} 50. Rad2 {[%emt 0:02:52]} Rd7 {[%emt 0:00:20]} 51. Rd1 {[%emt 0:01:45]} Rd6 {[%emt 0:01:13]} 52. Rb1 {[%emt 0:03:47]} Kd7 {[%emt 0:00:50]} 53. Rdb3 {[%emt 0:00:22]} Kc6 {[%emt 0:00:33]} 54. R1b2 {[%emt 0:00:24]} Rde6 {[%emt 0:01:01]} 55. Bg1 {[%emt 0:00:13]} Re7 {[%emt 0:00:57]} 56. Ra2 {[%emt 0:04:19]} Re8 {[%emt 0:02:52]} 57. Bf2 {[%emt 0:00:21]} Kd5 {[%emt 0:00:23]} 58. Rd3 {[%emt 0:00:38]} Rd8 {[%emt 0:02:04]} 59. Rad2 {[%emt 0:00:36]} Kc6 {[%emt 0:02:24]} 60. Ra2 {[%emt 0:01:03]} Rd7 {[%emt 0:01:46]} 61. Rb3 {[%emt 0:01:07]} Rde7 {[%emt 0:00:28]} 62. Bg1 {[%emt 0:00:44]} Kb7 {[%emt 0:01:37]} 63. Bf2 {[%emt 0:00:32]} Re8 {[%emt 0:00:58]} 64. Rc2 {[%emt 0:00:28]} Kc6 {[%emt 0:00:05]} 65. Ra2 {[%emt 0:00:44]} Kd5 {[%emt 0:01:50]} 66. Rd3 {[%emt 0:00:12]} b5 {[%emt 0:03:12]} 67. Rad2 {[%emt 0:01:07]} Ra8 {[%emt 0:01:31]} 68. e3 {[%emt 0:01:12]} Ra3 {[%emt 0:00:14]} 69. Rxa3 {[%emt 0:01:02]} Bxa3 {[%emt 0:00:05]} 70. exd4 {[%emt 0:00:02]} b4 {[%emt 0:00:28]} 71. Ra2 {[%emt 0:01:55]} Re7 {[%emt 0:01:19]} 72. Be3 {[%emt 0:00:16]} Rb7 {[%emt 0:00:10]} 73. Ke2 {[%emt 0:00:43]} b3 {[%emt 0:00:07]} 74. Ra1 {[%emt 0:00:06]} b2 {[%emt 0:00:06]} 75. Rb1 {[%emt 0:00:00]} Kc4 {[%emt 0:00:08]} 76. d5 {[%emt 0:00:51]} Kb3 {[%emt 0:00:25]} 77. Bd4 {[%emt 0:01:03]} Ka2 {[%emt 0:02:25]} 78. Bxb2 {[%emt 0:00:13]} Rxb2+ {[%emt 0:00:04]} 79. Rxb2+ {[%emt 0:00:03]} Kxb2 {[%emt 0:00:05]} 80. Kd3 {[%emt 0:00:18]} Kb3 {[%emt 0:00:06]} 81. d6 {[%emt 0:00:35]} Bxd6 {[%emt 0:00:04]} 82. Kd4 {[%emt 0:00:01]} Kc2 {[%emt 0:00:20]} 83. Kd5 {[%emt 0:00:13]} Bxf4 {[%emt 0:00:10]} 84. gxf4 {[%emt 0:00:01]} Kd3 {[%emt 0:00:06]} 85. Ke5 {[%emt 0:00:21]} Ke3 {[%emt 0:00:03]} 86. Kf6 {[%emt 0:00:04]} Kxf4 {[%emt 0:00:05]} 87. Kxg6 {[%emt 0:00:03]} Kg4 {[%emt 0:00:06]} 88. Kf6 {[%emt 0:00:02]} f4 {[%emt 0:00:05]} 0-1

[Event "94th Tradewise Hastings Congress"]
[Site "Hastings"]
[Date "2018.12.30"]
[Round "3"]
[White "Derakhshani, Borna"]
[Black "Lalic, Bogdan"]
[Result "1/2-1/2"]
[WhiteElo "2325"]
[BlackElo "2420"]
[Annotator "NA"]
[PlyCount "40"]
[EventDate "2018.12.28"]
[EventType "swiss"]
[EventCountry "ENG"]
[SourceTitle "playchess.com"]
[Source "ChessBase"]
[SourceQuality "1"]
[TimeControl "40/6000+30:3000+30"]

1. d4 {[%emt 0:06:57]} Nf6 {[%emt 0:00:00]} 2. Bf4 {[%emt 0:00:21]} d5 {[%emt 0:00:00]} 3. Nf3 {[%emt 0:00:17]} c5 {[%emt 0:00:19]} 4. e3 {[%emt 0:01:52]} Nc6 {[%emt 0:00:21]} 5. c3 {[%emt 0:02:47]} Qb6 {[%emt 0:00:25]} 6. Qb3 {[%emt 0:00:19]} c4 {[%emt 0:00:19]} 7. Qc2 {[%emt 0:00:08]} Bf5 {[%emt 0:00:25]} 8. Qc1 {[%emt 0:00:04]} e6 {[%emt 0:00:33]} 9. h3 {[%emt 0:02:51]} Be7 {[%emt 0:00:49]} 10. Nbd2 {[%emt 0:01:06]} Qd8 {[%emt 0:01:09]} 11. Be2 {[%emt 0:03:13]} h6 {[%emt 0:00:21]} 12. Bd1 {[%emt 0:00:58]} b5 {[%emt 0:01:57]} 13. Bc2 {[%emt 0:01:07]} Bxc2 {[%emt 0:01:03]} 14. Qxc2 {[%emt 0:00:05]} Rc8 {[%emt 0:07:26]} 15. O-O {[%emt 0:04:34]} O-O {[%emt 0:00:07]} 16. Rfe1 {[%emt 0:02:47]} Bd6 {[%emt 0:05:07]} 17. Bxd6 {[%emt 0:04:36]} Qxd6 {[%emt 0:00:07]} 18. e4 {[%emt 0:00:25]} Nxe4 {[%emt 0:00:28]} 19. Nxe4 {[%emt 0:00:21]} dxe4 {[%emt 0:00:05]} 20. Qxe4 {[%emt 0:06:05]} b4 {[%emt 0:00:55]} 1/2-1/2

[Event "94th Tradewise Hastings Congress"]
[Site "Hastings"]
[Date "2018.12.30"]
[Round "3"]
[White "Peek, Marcel"]
[Black "Comellas Blanchart, Jordi"]
[Result "1-0"]
[WhiteElo "2293"]
[BlackElo "2055"]
[Annotator "NA"]
[PlyCount "48"]
[EventDate "2018.12.28"]
[EventType "swiss"]
[EventCountry "ENG"]
[SourceTitle "playchess.com"]
[Source "ChessBase"]
[SourceQuality "1"]
[TimeControl "40/6000+30:3000+30"]

1. d4 {[%emt 0:00:00]} d5 {[%emt 0:00:00]} 2. c4 {[%emt 0:00:00]} e6 {[%emt 0:00:00]} 3. Nf3 {[%emt 0:00:00]} Nf6 {[%emt 0:00:00]} 4. Nc3 {[%emt 0:00:03]} Be7 {[%emt 0:00:13]} 5. Bg5 {[%emt 0:00:32]} Nbd7 {[%emt 0:00:18]} 6. e3 {[%emt 0:00:12]} h6 {[%emt 0:00:18]} 7. Bh4 {[%emt 0:00:21]} O-O {[%emt 0:00:12]} 8. Rc1 {[%emt 0:02:44]} c5 {[%emt 0:00:17]} 9. cxd5 {[%emt 0:07:15]} Nxd5 {[%emt 0:00:30]} 10. Bxe7 {[%emt 0:00:27]} Nxe7 {[%emt 0:00:21]} 11. Bb5 {[%emt 0:03:13]} cxd4 {[%emt 0:04:34]} 12. Qxd4 {[%emt 0:08:18]} Nf6 {[%emt 0:17:34]} 13. Qa4 {[%emt 0:14:42]} a6 {[%emt 0:05:30]} 14. O-O {[%emt 0:05:11]} Rb8 {[%emt 0:04:40]} 15. Qf4 {[%emt 0:09:54]} Bd7 {[%emt 0:07:52]} 16. Bxd7 {[%emt 0:00:44]} Qxd7 {[%emt 0:01:34]} 17. Ne5 {[%emt 0:15:18]} Qe8 {[%emt 0:03:53]} 18. e4 {[%emt 0:00:21]} Nc6 {[%emt 0:03:58]} 19. Nxc6 {[%emt 0:08:28]} Qxc6 {[%emt 0:03:44]} 20. Rfd1 {[%emt 0:00:32]} Rbd8 {[%emt 0:05:08]} 21. Qe3 {[%emt 0:05:31]} Rxd1+ {[%emt 0:18:31]} 22. Rxd1 {[%emt 0:00:14]} Rc8 {[%emt 0:02:08]} 23. h3 {[%emt 0:07:19]} Nd7 {[%emt 0:05:50]} 24. e5 {[%emt 0:02:07]} Nf8 {[%emt 0:11:30]} 1-0

[Event "94th Tradewise Hastings Congress"]
[Site "Hastings"]
[Date "2018.12.30"]
[Round "3"]
[White "Stefansson, Vignir Vatnar"]
[Black "Djuric, Stefan"]
[Result "1/2-1/2"]
[WhiteElo "2266"]
[BlackElo "2371"]
[Annotator "RC"]
[PlyCount "123"]
[EventDate "2018.12.28"]
[EventType "swiss"]
[EventCountry "ENG"]
[SourceTitle "playchess.com"]
[Source "ChessBase"]
[SourceQuality "1"]
[TimeControl "40/6000+30:3000+30"]

1. d4 {[%emt 0:00:00]} c5 {[%emt 0:00:00]} 2. d5 {[%emt 0:00:00]} g6 3. e4 {[%emt 0:00:52]} Bg7 {[%emt 0:00:07]} 4. Nc3 {[%emt 0:00:31]} d6 {[%emt 0:00:15]} 5. h3 {[%emt 0:03:41]} Nf6 {[%emt 0:02:34]} 6. Nf3 {[%emt 0:01:17]} O-O {[%emt 0:00:06]} 7. a4 {[%emt 0:01:44]} e6 {[%emt 0:07:52]} 8. Be2 {[%emt 0:01:02]} exd5 {[%emt 0:04:50]} 9. exd5 {[%emt 0:00:09]} Na6 {[%emt 0:00:26]} 10. O-O {[%emt 0:13:54]} Nc7 {[%emt 0:00:23]} 11. Bf4 {[%emt 0:27:22]} b6 {[%emt 0:03:02]} 12. Bc4 {[%emt 0:04:10]} a6 {[%emt 0:00:44]} 13. Bh2 {[%emt 0:02:02]} Rb8 {[%emt 0:00:36]} 14. Nd2 {[%emt 0:01:44]} b5 {[%emt 0:32:52]} 15. axb5 {[%emt 0:00:06]} axb5 {[%emt 0:00:03]} 16. Be2 {[%emt 0:00:07]} Nfe8 {[%emt 0:04:56]} 17. Rb1 {[%emt 0:01:35]} Bf5 {[%emt 0:05:39]} 18. Bf3 {[%emt 0:02:18]} Ra8 {[%emt 0:08:10]} 19. Re1 {[%emt 0:03:15]} b4 {[%emt 0:07:42]} 20. Nce4 {[%emt 0:00:17]} Nb5 {[%emt 0:00:04]} 21. Be2 {[%emt 0:08:53]} Nbc7 {[%emt 0:02:41]} 22. Bf3 {[%emt 0:01:58]} Nb5 {[%emt 0:01:08]} 23. Be2 {[%emt 0:07:01]} Nbc7 {[%emt 0:01:00]} 24. Bd3 Nxd5 {[%emt 0:10:42]} 25. Nc4 {[%emt 0:01:04]} Nb6 {[%emt 0:00:06]} 26. Ncxd6 {[%emt 0:02:10]} Nxd6 {[%emt 0:06:21]} 27. Nxd6 {[%emt 0:05:06]} Bxd3 {[%emt 0:01:28]} 28. Qxd3 {[%emt 0:00:17]} Na4 {[%emt 0:00:01]} 29. Qb3 {[%emt 0:01:09]} Nxb2 {[%emt 0:03:06]} 30. Qd5 {[%emt 0:09:22]} Bd4 {[%emt 0:03:27]} 31. Be5 {[%emt 0:01:52]} Bxe5 {[%emt 0:00:36]} 32. Qxe5 {[%emt 0:00:15]} Na4 {[%emt 0:00:27]} 33. Ne4 {[%emt 0:00:31]} Ra6 {[%emt 0:03:43]} 34. Rbd1 {[%emt 0:01:35]} Re6 {[%emt 0:00:01]} 35. Rxd8 {[%emt 0:04:28]} Rxe5 {[%emt 0:00:02]} 36. Nf6+ {[%emt 0:00:07]} Kg7 {[%emt 0:00:03]} 37. Ne8+ {[%emt 0:00:11]} Rfxe8 {[%emt 0:00:03]} 38. Rxe8 {[%emt 0:00:06]} Rd5 {[%emt 0:03:02]} 39. R8e5 {[%emt 0:01:33]} Rd4 {[%emt 0:00:34]} 40. Ra1 {[%emt 0:00:36]} Kf6 {[%emt 0:00:05]} 41. Re3 {[%emt 0:51:40]} Nc3 {[%emt 0:50:54]} 42. Ra7 {[%emt 0:00:18]} Rf4 {[%emt 0:00:36]} 43. g3 {[%emt 0:01:36]} Rf5 {[%emt 0:00:00]} 44. Kg2 Nb5 45. Rb7 {[%emt 0:00:00]} Nd4 {[%emt 0:00:00]} 46. c3 {[%emt 0:00:00]} bxc3 {[%emt 0:00:00]} 47. Rxc3 h5 {[%emt 0:00:00]} 48. Re3 {[%emt 0:00:00]} g5 {[%emt 0:00:00]} 49. Rc7 Ne6 {[%emt 0:00:00]} 50. Rc8 {[%emt 0:00:00]} Kg7 {[%emt 0:00:00]} 51. Re4 {[%emt 0:00:00]} Rd5 {[%emt 0:00:00]} 52. Ra8 {[%emt 0:00:00]} Rd3 {[%emt 0:00:00]} 53. Ra7 {[%emt 0:00:00]} Kg6 {[%emt 0:00:00]} 54. Re3 {[%emt 0:00:00]} Rd6 {[%emt 0:00:00]} 55. Rf3 {[%emt 0:00:00]} Rc6 {[%emt 0:00:00]} 56. Rfxf7 {[%emt 0:00:00]} c4 {[%emt 0:00:00]} 57. f4 {[%emt 0:00:00]} gxf4 {[%emt 0:00:00]} 58. gxf4 {[%emt 0:00:00]} Rc5 59. Kf3 {[%emt 0:00:00]} c3 {[%emt 0:04:09]} 60. f5+ {[%emt 0:00:00]} Rxf5+ {[%emt 0:01:19]} 61. Rxf5 {[%emt 0:00:00]} c2 62. Ra1 {[%emt 0:00:00]} 1/2-1/2